000 00141 a2200073 4500
020 _a9780736802833
082 _aT 616.238 PEAC
245 _aASTHMA
999 _c792313
_d792312
942 _w223
_xZanele Mgwenya
_y223
_zZanele Mgwenya